The Handy Biology Answer Book For Kids (Record no. 2426)
[ view plain ]
| 000 -LEADER | |
|---|---|
| fixed length control field | 00251nam a22000857a 4500 |
| 008 - FIXED-LENGTH DATA ELEMENTS--GENERAL INFORMATION | |
| fixed length control field | 160714b xxu||||| |||| 00| 0 eng d |
| 100 ## - MAIN ENTRY--PERSONAL NAME | |
| 9 (RLIN) | 2841 |
| Personal name | Galens, J., et al |
| 245 ## - TITLE STATEMENT | |
| Title | The Handy Biology Answer Book For Kids |
| 260 ## - PUBLICATION, DISTRIBUTION, ETC. (IMPRINT) | |
| Place of publication, distribution, etc. | Canton |
| Name of publisher, distributor, etc. | Visible Ink Press |
| Date of publication, distribution, etc. | 2002 |
| Withdrawn status | Lost status | Source of classification or shelving scheme | Damaged status | Not for loan | Home library | Current library | Shelving location | Date acquired | Total Checkouts | Total Renewals | Full call number | Barcode | Date last seen | Date last checked out | Price effective from | Koha item type |
|---|---|---|---|---|---|---|---|---|---|---|---|---|---|---|---|---|
| Dewey Decimal Classification | Good Samaritan School Library | Good Samaritan School Library | 07/14/2016 | 3 | 1 | 080 | GAL4075 | 07/26/2019 | 07/12/2019 | 07/14/2016 | BOOK |